000 03311nam a2200301 a 4500
999 _c113031
_d113031
001 48972
003 DR-UNIBE
005 20241201063331.0
007 cr nn 008mamaa
008 190701s2021 xxu l s 00001spa
020 _a 9788418257544
020 _a 9788418257568 (electrónico)
040 _aBIBLIOTECA UNIBE
_cBIBLIOTECA UNIBE
_erda
041 _aspa
100 _aKlingensmith, Mary E.
_eautor
_998984
245 1 0 _aManual Washington de cirugía
250 _aOctava edición
260 _aPhiladelphia :
_bWolters Kluwer Health,
_c2021
300 _axviii, 956 páginas
500 _aRecurso en línea: Disponible para miembros de UNIBE a través del portal web del CRAI: https://www.unibe.edu.do/biblioteca/libros-electronicos/
505 _aCapítulo 1. Cuidado general y perioperatorio del paciente quirúrgico | Capítulo 2. Consideraciones intraoperatorias | Capítulo 3. Problemas posoperatorios comunes | Capítulo 4. Nutrición | Capítulo 5. Trastornos hidroelectrolíticos y acidobásicos | Capítulo 6. Hemostasia, anticoagulación y transfusiones | Capítulo 7. Anestesia | Capítulo 8. Cuidado crítico | Capítulo 9. Resucitación en el traumatismo y complementarios | Capítulo 10. Traumatismos de cabeza, cuello y columna | Capítulo 11. Traumatismo del tórax | Capítulo 12. Traumatismo abdominal | Capítulo 13. Traumatismos de las extremidades | Capítulo 14. Quemaduras | Capítulo 15. Cuidado de la herida | Capítulo 16. Abdomen agudo | Capítulo 17. Esófago | Capítulo 18. Estómago | Capítulo 19. Tratamiento quirúrgico de la obesidad | Capítulo 20. Intestino Delgado | Capítulo 21. Enfermedades quirúrgicas del hígado | Capítulo 22. Enfermedades quirúrgicas de los conductos biliares | Capítulo 23. Páncreas | Capítulo 24. Bazo | Capítulo 25. Trasplante abdominal | Capítulo 26. Apéndice | Capítulo 27. Colon y recto | Capítulo 28. Enfermedad anorrectal | Capítulo 29. Hernias | Capítulo 30. Cirugía endoscópica, laparoscópica y robótica | Capítulo 31. Enfermedades de mama | Capítulo 32. Tumores de piel y tejidos blandos | Capítulo 33. Síndromes suprarrenales, pituitarios y endocrinos hereditarios | Capítulo 34. Glándulas tiroides y paratiroides | Capítulo 35. Enfermedades pulmonares y del mediastino | Capítulo 36. Cirugía cardiaca | Capítulo 37. Enfermedad cerebrovascular | Capítulo 38. Enfermedades vasculares toracoabdominales | Capítulo 39. Enfermedad arterial periférica | Capítulo 40. Enfermedad venosa y linfática | Capítulo 41. Acceso vascular | Capítulo 42. Cirugía pediátrica | Capítulo 43. Otorrinolaringología para el cirujano general | Capítulo 44. Cirugía plástica, reconstructiva y de la mano | Capítulo 45. Urología | Capítulo 46. Ginecología y obstetricia para el cirujano general | Capítulo 47. Radiología | Capítulo 48. Bioestadística para el cirujano general | Capítulo 49. Seguridad del paciente y mejora de la calidad |
650 7 _aCirugía
_2lemb
_vManuales
_9184498
650 7 _aCirugía
_2lemb
_vGuías
_9184499
650 7 _aMedicina
_2lemb
_9184500
655 4 _aRecurso electrónico
_942681
856 4 0 _uhttps://ezproxy.unibe.edu.do/login?url=https://bc.vitalsource.com/tenants/unibewolterskluwerhealth/libraries?bookmeta_vbid= 9788418257568
942 _2ddc
_cEB